000 00678nam a2200253Ia 4500
003 OSt
005 20220918175143.0
006 a|||||r|||| 00| 0
007 ta
008 220917b |||||||| |||| 00| 0 eng d
024 _a15,948
037 _cTextual
040 _aARTS
_cARTS
_beng
041 _2eng
_aeng
082 _aO:g(X:3M24xM18), L6
100 _aEagleton Terry
245 0 _aMarxism and literary criticism
260 _aLondon
_bMethuen
_c1976
300 _aviii,87p.
_ccm.
500 _aBibliography 84-87p
650 _aENGLISH LITERATURE
942 _hO:g(X:3M24xM18), L6
_cTEXL
_2CC
999 _c156338
_d156338